Economic progress in the U. A. R. (Record no. 45449)
[ view plain ]
| 000 -LEADER | |
|---|---|
| fixed length control field | 00725cam a22002411 4500 |
| 001 - CONTROL NUMBER | |
| control field | ne 63000128 |
| 003 - CONTROL NUMBER IDENTIFIER | |
| control field | DLC |
| 005 - DATE AND TIME OF LATEST TRANSACTION | |
| control field | 20260227111740.0 |
| 008 - FIXED-LENGTH DATA ELEMENTS--GENERAL INFORMATION | |
| fixed length control field | 820513s1960 ua a 000 0 eng |
| 010 ## - LIBRARY OF CONGRESS CONTROL NUMBER | |
| LC control number | ne 63000128 |
| 035 ## - SYSTEM CONTROL NUMBER | |
| System control number | (OCoLC)16761959 |
| 040 ## - CATALOGING SOURCE | |
| Original cataloging agency | DLC |
| Transcribing agency | OrPS |
| Modifying agency | DLC |
| 042 ## - AUTHENTICATION CODE | |
| Authentication code | premarc |
| 043 ## - GEOGRAPHIC AREA CODE | |
| Geographic area code | f-ua--- |
| 050 00 - LIBRARY OF CONGRESS CALL NUMBER | |
| Classification number | HC535 |
| Item number | .A563 |
| 110 1# - MAIN ENTRY--CORPORATE NAME | |
| Corporate name or jurisdiction name as entry element | Egypt. |
| Subordinate unit | Wizārat al-Iqtiṣād wa-al-Tijārah. |
| 240 00 - UNIFORM TITLE | |
| Uniform title | Taqaddumunā al-iqtiṣādī. |
| 245 10 - TITLE STATEMENT | |
| Title | Economic progress in the U. A. R. |
| 260 ## - PUBLICATION, DISTRIBUTION, ETC. | |
| Place of publication, distribution, etc. | [Cairo, United Arab Republic, |
| Name of publisher, distributor, etc. | Ministry of Economy, Southern Region, |
| Date of publication, distribution, etc. | 1960?] |
| 300 ## - PHYSICAL DESCRIPTION | |
| Extent | 164 p. |
| Other physical details | illus. |
| Dimensions | 20 cm. |
| 500 ## - GENERAL NOTE | |
| General note | Romanized. |
| 651 #0 - SUBJECT ADDED ENTRY--GEOGRAPHIC NAME | |
| Geographic name | United Arab Republic |
| General subdivision | Economic conditions. |
No items available.